[Event "Nicolosi Etna op 1st"]
[Site "Nicolosi"]
[Date "2014.12.05"]
[Round "1"]
[White "Gueci, Tea"]
[Black "Russo, Carmelo"]
[Result "1-0"]
[WhiteElo "2018"]
[BlackElo "1647"]
[PlyCount "65"]
[EventDate "2014.12.05"]
[EventType "swiss"]
[EventRounds "7"]
[EventCountry "ITA"]
[SourceTitle "CBM 163 Extra"]
[Source "ChessBase"]
[SourceDate "2014.12.23"]
[SourceVersion "1"]
[SourceVersionDate "2014.12.23"]
[SourceQuality "1"]

1. e4 c5 2. Nf3 d6 3. d4 cxd4 4. Nxd4 Nf6 5. Nc3 g6 6. Bc4 a6 7. Bb3 b5 8. 0-0 Bb7 9. Re1 Nbd7 10. Bg5 Bg7 11. Qd2 b4 12. Nd5 e5 13. Nf3 a5 14. Rad1 0-0 15. Nxf6+ Bxf6 16. Bh6 Bg7 17. Bxg7 Kxg7 18. Qxd6 Nf6 19. Qxe5 Qe8 20. Qxe8 Rfxe8 21. e5 Ne4 22. Rd7 Nc5 23. Rxf7+ Kh6 24. Bc4 Ba6 25. Bxa6 Rxa6 26. g4 Ne6 27. h4 Nf8 28. Ng5 Rc6 29. e6 Rcxe6 30. Rxe6 Rxe6 31. Nxe6 Nxe6 32. f3 Nd4 33. g5+ 1-0

[Event "Terre degli Elimi op 4th"]
[Site "Erice"]
[Date "2013.07.27"]
[Round "6"]
[White "La Franca, Vincenzo"]
[Black "Russo, Carmelo"]
[Result "1-0"]
[WhiteElo "1656"]
[BlackElo "1686"]
[PlyCount "99"]
[EventDate "2013.07.24"]
[EventType "swiss"]
[EventRounds "7"]
[EventCountry "ITA"]
[SourceTitle "EXT 2015"]
[Source "ChessBase"]
[SourceDate "2014.11.20"]
[SourceVersion "1"]
[SourceVersionDate "2014.11.20"]
[SourceQuality "1"]

1. d4 Nf6 2. Nf3 d5 3. e3 g6 4. b3 Bg7 5. Bb2 0-0 6. c4 e6 7. g3 c5 8. Nbd2 Nc6 9. Bg2 Nb4 10. 0-0 Nd3 11. Ba3 Qa5 12. Bxc5 Nxc5 13. dxc5 Qxc5 14. Rc1 Qa3 15. Rc2 Rb8 16. Qc1 Qa5 17. c5 Bd7 18. Ne5 Bb5 19. Re1 Nd7 20. Nxd7 Bxd7 21. Nf3 Bb5 22. Bf1 Rbc8 23. Bxb5 Qxb5 24. Nd4 Qd3 25. Rd1 Qa6 26. b4 e5 27. Nb3 Rfd8 28. Na5 d4 29. exd4 exd4 30. Qb1 d3 31. Rcd2 b6 32. Nb3 Bc3 33. Rxd3 Rxd3 34. Rxd3 Bxb4 35. cxb6 Qxb6 36. Qd1 Re8 37. Kg2 Be1 38. Qf3 a5 39. Rd7 Rf8 40. Rb7 Qe6 41. a4 Rd8 42. Nc5 Qe8 43. Ne4 Qe6 44. Ng5 Qd5 45. Qxd5 Rxd5 46. Nxf7 Rf5 47. Nh6+ Kf8 48. Nxf5 gxf5 49. Ra7 Bd2 50. Rd7 1-0

[Event "Terre degli Elimi op 4th"]
[Site "Erice"]
[Date "2013.07.25"]
[Round "3"]
[White "Russo, Carmelo"]
[Black "Licata, Silvio"]
[Result "1-0"]
[WhiteElo "1686"]
[BlackElo "1545"]
[PlyCount "133"]
[EventDate "2013.07.24"]
[EventType "swiss"]
[EventRounds "7"]
[EventCountry "ITA"]
[SourceTitle "EXT 2015"]
[Source "ChessBase"]
[SourceDate "2014.11.20"]
[SourceVersion "1"]
[SourceVersionDate "2014.11.20"]
[SourceQuality "1"]

1. d4 Nf6 2. c4 g6 3. Nc3 Bg7 4. Bg5 d6 5. Qd2 Nbd7 6. Bh6 0-0 7. Nf3 b6 8. Bxg7 Kxg7 9. e4 Bb7 10. d5 e6 11. Bd3 exd5 12. cxd5 Re8 13. 0-0 Ne5 14. Nxe5 Rxe5 15. f4 Re7 16. Rac1 a6 17. Qf2 Rc8 18. f5 Ng4 19. f6+ Nxf6 20. Qxf6+ Kg8 21. Ne2 Qf8 22. Nd4 Rd7 23. Nc6 Bxc6 24. Rxc6 a5 25. a4 Qh6 26. Qf4 Qg7 27. Qf6 Qh6 28. Rf4 Qh5 29. Rc1 Re8 30. Bb5 Ree7 31. Bxd7 Rxd7 32. Qc3 Qg5 33. Rcf1 Qd8 34. h4 Qe8 35. Qc6 Qd8 36. Rf6 Re7 37. Qc4 Qd7 38. R6f4 Qd8 39. Qe2 Qd7 40. b3 Qd8 41. Qf3 Qd7 42. Qg4 Qe8 43. Rf6 Rxe4 44. Qg3 Re3 45. R6f3 Re5 46. Rxf7 Rxd5 47. Rf8+ Qxf8 48. Rxf8+ Kxf8 49. Qf3+ Rf5 50. Qc3 Rf7 51. Qd4 Ke8 52. g3 Ke7 53. Kg2 Ke8 54. Qd5 Ke7 55. Qc4 Ke8 56. Qe6+ Kf8 57. g4 Kg7 58. Kg3 Rf6 59. Qe2 Rf7 60. Qe3 Kf8 61. Qe6 Kg7 62. g5 Kf8 63. Kg4 Kg7 64. h5 gxh5+ 65. Kxh5 Kf8 66. Kh6 Re7 67. Qxe7+ 1-0

[Event "Terre degli Elimi op 4th"]
[Site "Erice"]
[Date "2013.07.24"]
[Round "1"]
[White "Russo, Carmelo"]
[Black "Valguarnera, Girolamo"]
[Result "0-1"]
[WhiteElo "1686"]
[BlackElo "2086"]
[PlyCount "62"]
[EventDate "2013.07.24"]
[EventType "swiss"]
[EventRounds "7"]
[EventCountry "ITA"]
[SourceTitle "EXT 2015"]
[Source "ChessBase"]
[SourceDate "2014.11.20"]
[SourceVersion "1"]
[SourceVersionDate "2014.11.20"]
[SourceQuality "1"]

1. d4 d6 2. c4 Nf6 3. Nc3 Nbd7 4. e4 e5 5. Be3 Be7 6. f3 0-0 7. Bd3 c6 8. Nge2 exd4 9. Nxd4 Ne5 10. Be2 d5 11. cxd5 cxd5 12. exd5 Bb4 13. 0-0 Bxc3 14. bxc3 Nxd5 15. Qc1 Bd7 16. f4 Ng4 17. Bxg4 Bxg4 18. Nf3 Qc7 19. Bd2 Rac8 20. Ne5 Bf5 21. Qb2 f6 22. Qb3 Qc5+ 23. Kh1 fxe5 24. fxe5 b6 25. Rae1 Be6 26. Rf3 Rxf3 27. gxf3 Qf2 28. Qd1 Rf8 29. Rf1 Ne3 30. Bxe3 Qxe3 31. Qd6 Bc4 0-1

[Event "Lido Adriano op 1st"]
[Site "Ravenna"]
[Date "2011.04.05"]
[Round "4"]
[White "Russo, Carmelo"]
[Black "Bruschi, Morvan"]
[Result "1/2-1/2"]
[WhiteElo "1707"]
[BlackElo "1630"]
[PlyCount "117"]
[EventDate "2011.04.02"]
[EventType "swiss"]
[EventRounds "9"]
[EventCountry "ITA"]
[SourceTitle "EXT 2023"]
[Source "ChessBase"]
[SourceDate "2022.10.05"]
[SourceVersion "1"]
[SourceVersionDate "2022.10.05"]
[SourceQuality "1"]

1. d4 g6 2. e4 Bg7 3. Nf3 d6 4. Bg5 h6 5. Bh4 b6 6. Bb5+ Bd7 7. Bxd7+ Nxd7 8. 0-0 g5 9. Bg3 e6 10. c3 g4 11. Bh4 Bf6 12. Bxf6 Qxf6 13. e5 dxe5 14. dxe5 Nxe5 15. Nxe5 Qxe5 16. Qa4+ b5 17. Qxg4 Nf6 18. Qd4 Qg5 19. f4 Qf5 20. Nd2 Rd8 21. Qf2 Rg8 22. Qe2 Ng4 23. Nf3 Qc5+ 24. Nd4 Rxd4 25. cxd4 Qxd4+ 26. Kh1 Ne3 27. Qxb5+ Kf8 28. Qb8+ Kg7 29. Qxc7 Qd2 30. Qc3+ Qxc3 31. bxc3 Nxf1 32. Rxf1 Rc8 33. Rc1 Kf6 34. Kg1 Kf5 35. g3 Ke4 36. a4 Rc4 37. a5 Ra4 38. c4 Ra2 39. c5 Rb2 40. c6 Rb8 41. Rd1 Rc8 42. Rd6 Kf3 43. Kf1 Ke3 44. Ke1 Rb8 45. Kf1 Kf3 46. Rd3+ Ke4 47. Rd1 Rb2 48. Rc1 Rb8 49. c7 Rc8 50. Ke2 Kd5 51. Ke3 Kd6 52. Ke4 f6 53. f5 e5 54. g4 Rxc7 55. Rxc7 Kxc7 56. h4 Kd6 57. a6 Kd7 58. Kd5 Ke7 59. Ke4 1/2-1/2

[Event "Ravenna Lido Adriano op 1st"]
[Site "Ravenna"]
[Date "2011.04.02"]
[Round "1"]
[White "Casadei, Mauro"]
[Black "Russo, Carmelo"]
[Result "1-0"]
[WhiteElo "2177"]
[BlackElo "1707"]
[PlyCount "61"]
[EventDate "2011.04.02"]
[EventType "swiss"]
[EventRounds "9"]
[EventCountry "ITA"]
[SourceTitle "EXT 2012"]
[Source "ChessBase"]
[SourceDate "2011.11.24"]
[SourceVersion "1"]
[SourceVersionDate "2011.11.24"]
[SourceQuality "1"]

1. c4 Nf6 2. g3 e5 3. Bg2 Bc5 4. Nc3 0-0 5. a3 a6 6. e3 c6 7. b4 Bb6 8. d4 exd4 9. exd4 d6 10. Nge2 Re8 11. 0-0 Bg4 12. h3 Be6 13. d5 Bd7 14. Bb2 Bc7 15. Nd4 Qc8 16. Kh2 cxd5 17. cxd5 Re5 18. g4 h5 19. Nf3 Re8 20. g5 Nh7 21. Qd4 Bf5 22. Ne4 f6 23. gxf6 Re5 24. f7+ Kf8 25. Nxe5 dxe5 26. Qc5+ Kxf7 27. Rac1 Nd7 28. Qxc7 Qxc7 29. Rxc7 b5 30. Nd6+ Kf6 31. Nxf5 1-0

[Event "EU-ch 11th"]
[Site "Rijeka"]
[Date "2010.03.09"]
[Round "4"]
[White "Stefan, Mario"]
[Black "Russo, Carmelo"]
[Result "1-0"]
[WhiteElo "1968"]
[BlackElo "1714"]
[PlyCount "53"]
[EventDate "2010.03.06"]
[EventType "swiss"]
[EventRounds "11"]
[EventCountry "CRO"]
[SourceTitle "CBM 136"]
[Source "ChessBase"]
[SourceDate "2010.05.18"]
[SourceVersion "1"]
[SourceVersionDate "2010.05.18"]
[SourceQuality "1"]

1. e4 c6 2. d4 d5 3. exd5 cxd5 4. Bd3 Nc6 5. c3 Nf6 6. Bg5 g6 7. Nd2 Bg7 8. Ngf3 0-0 9. 0-0 Qc7 10. Re1 Na5 11. Ne5 Nc6 12. Ndf3 Re8 13. Qd2 Ng4 14. Bf4 Ngxe5 15. Nxe5 Qb6 16. Re2 Nd8 17. Rae1 a6 18. h4 Nc6 19. Nf3 f6 20. h5 g5 21. Bxg5 fxg5 22. Bxh7+ Kxh7 23. Qd3+ Kg8 24. Nxg5 Bg4 25. Qh7+ Kf8 26. h6 Red8 27. hxg7+ 1-0

[Event "Costa Viola op 3rd"]
[Site "St Eufemia d'Aspromonte"]
[Date "2010.01.04"]
[Round "4"]
[White "Russo, Carmelo"]
[Black "Sgro, Valerio"]
[Result "1-0"]
[WhiteElo "1731"]
[BlackElo "1422"]
[PlyCount "89"]
[EventDate "2010.01.02"]
[EventType "swiss"]
[EventRounds "7"]
[EventCountry "ITA"]
[SourceTitle "EXT 2011"]
[Source "ChessBase"]
[SourceDate "2010.11.26"]
[SourceVersion "1"]
[SourceVersionDate "2010.11.26"]
[SourceQuality "1"]

1. d4 d5 2. c4 Nf6 3. Nc3 e6 4. cxd5 exd5 5. Bg5 c6 6. e3 Be7 7. Bd3 Be6 8. Qb3 Qc7 9. Nf3 Nbd7 10. Bf4 Bd6 11. Bxd6 Qxd6 12. Qxb7 0-0 13. 0-0 Rfb8 14. Qa6 Rb6 15. Qa3 Qc7 16. Na4 Rb7 17. Rac1 Ng4 18. Ba6 Rbb8 19. Nc5 Rb6 20. Bd3 Nxc5 21. Rxc5 Rab8 22. b3 Qe7 23. Qb2 Qf6 24. Rfc1 Bd7 25. Qc2 h5 26. h3 Nh6 27. Ne5 Be8 28. Nxc6 R8b7 29. Ne5 g5 30. Rc8 Re7 31. Nc6 Re6 32. Ne5 g4 33. Nd7 Qg5 34. hxg4 Rbd6 35. Ne5 hxg4 36. Qc7 g3 37. Rxe8+ Rxe8 38. Qxd6 gxf2+ 39. Kxf2 Rxe5 40. Qb8+ Kg7 41. Qxe5+ Qxe5 42. dxe5 Ng4+ 43. Ke2 Nxe5 44. Rc7 a5 45. Rc5 1-0

[Event "Amantea op-B 7th"]
[Site "Amantea"]
[Date "2009.09.06"]
[Round "7"]
[White "Russo, Carmelo"]
[Black "Zampaglione, Davide"]
[Result "0-1"]
[WhiteElo "1705"]
[BlackElo "1620"]
[PlyCount "92"]
[EventDate "2009.08.31"]
[EventType "swiss"]
[EventRounds "8"]
[EventCountry "ITA"]
[SourceTitle "CBM 132 Extra"]
[Source "ChessBase"]
[SourceDate "2009.11.03"]
[SourceVersion "1"]
[SourceVersionDate "2009.11.03"]
[SourceQuality "1"]

1. d4 d5 2. c4 e6 3. Nc3 Nf6 4. Bg5 c6 5. e3 Be7 6. cxd5 exd5 7. a3 0-0 8. g3 Bf5 9. Bg2 Nbd7 10. b4 b5 11. Nf3 Ne4 12. Bxe7 Qxe7 13. Ne2 Nb6 14. Ne5 Qd6 15. Rc1 Rfc8 16. 0-0 f6 17. Nf3 Nc4 18. Ra1 a5 19. bxa5 Rxa5 20. Nh4 Bd7 21. f3 Ng5 22. Qd3 Rca8 23. Nc3 Rxa3 24. Rxa3 Rxa3 25. e4 b4 26. exd5 Rxc3 27. Qe2 cxd5 28. Qa2 Ra3 29. Qc2 Ne3 30. Qb1 Nxf1 31. Bxf1 Nxf3+ 32. Nxf3 Rxf3 33. Bd3 g6 34. Kg2 Re3 35. Bxg6 Re7 36. Bd3 Qb6 37. Qa1 Qb7 38. Qa5 Re8 39. Qc5 b3 40. Qc1 Re7 41. Qh6 Rf7 42. Qf4 b2 43. Bb1 Kg7 44. h4 Re7 45. Qd2 Qb5 46. Kg1 Qe2 0-1

[Event "Bagnara Calabra op-B"]
[Site "Bagnara Calabra"]
[Date "2009.01.05"]
[Round "5"]
[White "Russo, Carmelo"]
[Black "Vallone, Rosario"]
[Result "1-0"]
[WhiteElo "1724"]
[BlackElo "1524"]
[PlyCount "53"]
[EventDate "2009.01.02"]
[EventType "swiss"]
[EventRounds "7"]
[EventCountry "ITA"]
[SourceTitle "CBM 128 Extra"]
[Source "ChessBase"]
[SourceDate "2009.03.05"]
[SourceVersion "2"]
[SourceVersionDate "2009.03.25"]
[SourceQuality "1"]

1. d4 Nf6 2. c4 g6 3. Nc3 Bg7 4. e4 d6 5. Be2 0-0 6. Bg5 h6 7. Bd2 e5 8. d5 a5 9. Qc1 Kh7 10. Qc2 Na6 11. a3 Nc5 12. Nf3 Ng8 13. Na4 Nxa4 14. Qxa4 Bd7 15. Qc2 f5 16. Bd3 f4 17. a4 g5 18. h3 b6 19. Nh2 Qe8 20. Be2 h5 21. Ra3 Qg6 22. g4 fxg3 23. Rxg3 Bh6 24. Nf3 Rf4 25. Bxf4 exf4 26. Rg2 Nf6 27. Bd3 1-0

[Event "Amantea op-B 6th"]
[Site "Amantea"]
[Date "2008.09.04"]
[Round "5"]
[White "Russo, Carmelo"]
[Black "Carbone, Stefano"]
[Result "0-1"]
[WhiteElo "1748"]
[BlackElo "1620"]
[PlyCount "130"]
[EventDate "2008.08.31"]
[EventType "swiss"]
[EventRounds "9"]
[EventCountry "ITA"]
[SourceTitle "CBM 126 Extra"]
[Source "ChessBase"]
[SourceDate "2008.11.05"]
[SourceVersion "1"]
[SourceVersionDate "2008.11.05"]
[SourceQuality "1"]

1. d4 g6 2. c4 Bg7 3. Nc3 d6 4. e4 Nd7 5. Bg5 h6 6. Be3 e5 7. Nf3 Ne7 8. Qb3 exd4 9. Bxd4 Nf6 10. 0-0-0 0-0 11. h3 Nc6 12. Be3 Qe7 13. Bd3 Re8 14. Nd2 b6 15. Nd5 Nxd5 16. cxd5 Ne5 17. Bb5 Rf8 18. f4 Nd7 19. Bc6 Rb8 20. Rhe1 Bb7 21. f5 Ne5 22. Bxb7 Rxb7 23. fxg6 fxg6 24. Bd4 Nf7 25. Bxg7 Kxg7 26. Nf3 Kh7 27. Nd4 Qg5+ 28. Rd2 Nd8 29. Nf3 Qf4 30. Nd4 Qe5 31. g3 a5 32. Qd3 Ra7 33. Nb5 Rb7 34. Rc2 Rf7 35. Nd4 Ra7 36. Kb1 Qh5 37. g4 Qh4 38. Rec1 Nb7 39. Rxc7 Nc5 40. Rxf7+ Rxf7 41. Qe3 Qf2 42. Qxf2 Rxf2 43. a3 a4 44. Ne6 Re2 45. Nxc5 bxc5 46. Rc4 Kg7 47. Rxa4 Kf6 48. Ra7 Rxe4 49. a4 Ke5 50. a5 Kxd5 51. Rg7 Ra4 52. Rxg6 Rxa5 53. Rxh6 Ra7 54. g5 Ke5 55. Rf6 d5 56. Rf3 d4 57. Kc2 Ke4 58. Rf6 c4 59. Kd2 Rb7 60. Kc1 Kd3 61. h4 Ra7 62. Rf3+ Ke4 63. Ra3 Rf7 64. Ra2 Kd3 65. Ra3+ c3 0-1

[Event "Calvia Veterans op 4th"]
[Site "Calvia"]
[Date "2007.10.19"]
[Round "5"]
[White "Russo, Carmelo"]
[Black "Benito Alba, Eladio"]
[Result "1-0"]
[WhiteElo "1702"]
[BlackElo "1873"]
[PlyCount "119"]
[EventDate "2007.10.15"]
[EventType "swiss"]
[EventRounds "9"]
[EventCountry "ESP"]
[SourceTitle "CBM 120 Extra"]
[Source "ChessBase"]
[SourceDate "2007.11.01"]
[SourceVersion "1"]
[SourceVersionDate "2007.11.01"]
[SourceQuality "1"]

1. d4 Nf6 2. c4 e6 3. Nc3 d5 4. Bg5 c6 5. e4 dxe4 6. Bxf6 Qxf6 7. Nxe4 Bb4+ 8. Nc3 0-0 9. Nf3 e5 10. dxe5 Re8 11. Be2 Qg6 12. 0-0 Bxc3 13. bxc3 Bh3 14. Ne1 Na6 15. Bh5 Bg4 16. Qxg4 Qxg4 17. Bxg4 Rxe5 18. Nc2 h5 19. Bf3 Nc5 20. Rab1 Re7 21. Rfe1 Rd7 22. Bxh5 Rd2 23. Re2 Rad8 24. Nd4 Rd3 25. Re7 g6 26. Bf3 Rxc3 27. h3 Rxd4 28. Be2 Rc2 29. Re5 Re4 30. Rxe4 Nxe4 31. Bd3 Rxf2 32. Bxe4 Rxa2 33. Rxb7 Ra4 34. Bxc6 Rxc4 35. Bd5 Rf4 36. Rxa7 Kg7 37. g3 Rf5 38. Rd7 Kf8 39. Be4 Rf6 40. Kg2 Ke8 41. Rb7 Kf8 42. g4 Kg7 43. g5 Rf4 44. Re7 Kf8 45. Re5 Kg7 46. Kg3 Rf1 47. Re8 Rc1 48. Rd8 Rc3+ 49. Kg4 Rc4 50. Kf3 Rc3+ 51. Rd3 Rc7 52. Rd6 Ra7 53. Kg4 Ra4 54. Kf4 Ra7 55. Rd4 Re7 56. Rd5 Rc7 57. Rb5 Re7 58. Rb7 Re8 59. Bd5 Rf8 60. Re7 1-0